=LDR 00000nam 2200000 4500 =001 NUTBA000000000005361 =005 20141028145116.0 =006 =007 =008 =035 ##$$a 0010-101400000000591 =040 ##$$a NBPDMAT =082 ##$$a 92 (Antasari) =090 ##$$a 92 (Antasari) $b Set p =100 ##$$a Setiawan =245 ##$$a Pangeran antasari pangeran negeri banjar / $c oleh A. Setiawan =250 ##$$a Cet. 1 =260 ##$$a Jakarta : $b Andaditzya Jaya, $c 2008 =300 ##$$a v, 53 hlm. : $b ilus. ; $c 25 cm. =650 ##$$a Antarasari 1809-1862 =990 ##$$a 0001/BPAP-NTB/20142014 =990 ##$$a 0001/BPAP-NTB/20142014 =990 ##$$a 0001/BPAP-NTB/20142014